Catalog

Record Details

Catalog Search



Record details

  • ISBN: 9781101886694 (hardback : acid-free paper)
  • ISBN: 1101886692 (hardback : acid-free paper)
  • Physical Description: pages cm.
  • Edition: First edition.
  • Publisher: New York : Del Rey, [2016]

Content descriptions

Summary, etc.:
"17 years ago: A girl in South Dakota falls ... Read More
Subject: Giants > Fiction.
Robots > Fiction.
Women physicists > Fiction.
FICTION / Science Fiction / Adventure.
FICTION / Technological.
FICTION / Action & Adventure.
Giants
Robots
Women physicists.
Genre: Science fiction.
Science fiction.
Fiction.
Science fiction.
LDR 02439cam a22005538i 4500
001205746
003LARL_NWRL_CONSORTIUM
00520160427132102.0
008151217s2016 nyu 000 1 eng
020 . ‡a9781101886694 (hardback : acid-free paper)
020 . ‡a1101886692 (hardback : acid-free paper)
020 . ‡z9781101886700 (ebook)
035 . ‡a(OCoLC)910979593
042 . ‡apcc
08200. ‡a813/.6 ‡223
084 . ‡aFIC028010 ‡aFIC036000 ‡aFIC002000 ‡2bisacsh
1001 . ‡aNeuvel, Sylvain, ‡d1973- ‡eauthor. ‡0(LARL_NWRL_CONSORTIUM)222021
24510. ‡aSleeping giants ‡n#1 / ‡cSylvain Neuvel.
250 . ‡aFirst edition.
264 1. ‡aNew York : ‡bDel Rey, ‡c[2016]
300 . ‡apages cm.
336 . ‡atext ‡2rdacontent
337 . ‡aunmediated ‡2rdamedia
338 . ‡avolume ‡2rdacarrier
4900 . ‡aThemis files ; ‡v1
520 . ‡a"17 years ago: A girl in South Dakota falls through the earth, then wakes up dozens of feet below ground on the palm of what seems to be a giant metal hand. Today: She is a top-level physicist leading a team of people to understand exactly what that hand is, where it came from, and what it portends for humanity. A swift and spellbinding tale told almost exclusively through transcriptions of interviews conducted by a mysterious and unnamed character, this is a unique debut that describes a hunt for truth, power, and giant body parts"-- ‡cProvided by publisher.
650 0. ‡aGiants ‡vFiction. ‡0(LARL_NWRL_CONSORTIUM)169110
650 0. ‡aRobots ‡vFiction. ‡0(LARL_NWRL_CONSORTIUM)167147
650 0. ‡aWomen physicists ‡vFiction.
650 7. ‡aFICTION / Science Fiction / Adventure. ‡2bisacsh
650 7. ‡aFICTION / Technological. ‡2bisacsh
650 7. ‡aFICTION / Action & Adventure. ‡2bisacsh
650 7. ‡2fast ‡aGiants ‡0(LARL_NWRL_CONSORTIUM)21228
650 7. ‡2fast ‡aRobots ‡0(LARL_NWRL_CONSORTIUM)29881
650 7. ‡aWomen physicists. ‡2fast ‡0(LARL_NWRL_CONSORTIUM)34750
655 7. ‡aScience fiction. ‡2gsafd
655 7. ‡aScience fiction. ‡2lcgft
655 7. ‡aFiction. ‡2fast
655 7. ‡aScience fiction. ‡2fast
85642. ‡3Cover image ‡u9781101886694.jpg
905 . ‡uvanderl
901 . ‡a205746 ‡b ‡c205746 ‡tbiblio ‡soclc

Additional Resources